书目信息 |
| 题名: |
临床实用超声诊断学精要
|
|
| 作者: | 杨瑾 主编 | |
| 分册: | ||
| 出版信息: | 长春 吉林科学技术出版社 2019.05 |
|
| 页数: | 191页 | |
| 开本: | 21cm | |
| 丛书名: | ||
| 单 册: | ||
| 中图分类: | R445.1 | |
| 科图分类: | ||
| 主题词: | 超声波诊断--chao sheng bo zhen duan | |
| 电子资源: | ||
| ISBN: | 978-7-5578-4648-0 | |
| 000 | 00975nam0 2200241 450 | |
| 001 | CAL 0120192773694 | |
| 005 | 20230217093111.0 | |
| 010 | @a978-7-5578-4648-0@dCNY68.00 | |
| 100 | @a20190604d2019 em y0chiy0120 ea | |
| 101 | 0 | @achi |
| 102 | @aCN@b220000 | |
| 105 | @aa a 000yy | |
| 106 | @ar | |
| 200 | 1 | @a临床实用超声诊断学精要@Alin chuang shi yong chao sheng zhen duan xue jing yao@f杨瑾主编 |
| 210 | @a长春@c吉林科学技术出版社@d2019.05 | |
| 215 | @a191页@c图@d21cm | |
| 320 | @a有书目 (第190-191页) | |
| 330 | @a本书主要阐述了临床常见疾病的各种超声检查的声像图特点、超声诊断、鉴别诊断、临床价值, 以及相关的解剖、病理和临床知识等。包括超声诊断基础、循环系统、心脏、肝脏、胆道系统、胰腺、脾脏、肾脏、输尿管、膀胱、男性生殖系统、妇科、产科、小器官、血管等脏器疾病的超声诊断内容。 | |
| 606 | 0 | @a超声波诊断@Achao sheng bo zhen duan |
| 690 | @aR445.1@v5 | |
| 701 | 0 | @a杨瑾@Ayang jin@4主编 |
| 801 | 0 | @aCN@bBJXHZP@c20230228 |
| 905 | @b1398796-9@dR445.1@e167@f4 | |
| 临床实用超声诊断学精要/杨瑾主编.-长春:吉林科学技术出版社,2019.05 |
| 191页:图;21cm |
| ISBN 978-7-5578-4648-0:CNY68.00 |
| 本书主要阐述了临床常见疾病的各种超声检查的声像图特点、超声诊断、鉴别诊断、临床价值, 以及相关的解剖、病理和临床知识等。包括超声诊断基础、循环系统、心脏、肝脏、胆道系统、胰腺、脾脏、肾脏、输尿管、膀胱、男性生殖系统、妇科、产科、小器官、血管等脏器疾病的超声诊断内容。 |
| ● |
| 相关链接 |
|
|
|
|
正题名:临床实用超声诊断学精要
索取号:R445.1/167
 
预约/预借
| 序号 | 登录号 | 条形码 | 馆藏地/架位号 | 状态 | 备注 |
| 1 | 1398796 | 213987961 | 第二样本阅览室/ [索取号:R445.1/167] | 在馆 | |
| 2 | 1398797 | 213987970 | 第三借阅区/ [索取号:R445.1/167] | 在馆 | |
| 3 | 1398798 | 213987989 | 第三借阅区/ [索取号:R445.1/167] | 在馆 | |
| 4 | 1398799 | 213987998 | 第三借阅区/ [索取号:R445.1/167] | 在馆 |